Education & the university : a sketch for an 'English school'

Bibliographic Details
Main Author: Leavis, F. R. (Author)
Format: Book
Published: Cambridge : Cambridge University Press , 1943
Edition:2nd ed.
Subjects:

MARC

LEADER 00000cam a2200000 7i4500
001 0000003104
005 20021118093000.0
008 021118n
020 |a 0521295734 ,   |c (pbk.) 
090 0 0 |a LB2321   |b .L4 
100 0 |a Leavis, F. R. ,   |e author 
245 0 0 |a Education & the university :   |b a sketch for an 'English school'   |c F. R. Leavis 
250 |a 2nd ed. 
260 2 |a Cambridge :   |b Cambridge University Press ,   |c 1943 
300 |a 171 p. ; ;   |c 21 cm. 
650 0 |a Education, Higher   |z Great Britain 
999 |a 1000027873   |b Book   |c OPEN SHELF (30 DAYS)   |e Gong Badak Campus